| 000 | 00879nam a2200265 a 4500 | ||
|---|---|---|---|
| 001 | 15549 | ||
| 003 | BD-RjUL | ||
| 005 | 20211208235836.0 | ||
| 008 | 140210s1965 enk 000 0 eng d | ||
| 035 |
_a08-90 _a(BD-RjUL)15604 |
||
| 040 |
_aDLC _cTXR _dm/c _dBD-RjUL _beng |
||
| 041 | _aeng | ||
| 082 |
_a658.152 _bWII 1965 |
||
| 100 | 1 |
_aWilliams, B. R. _q(Bruce Rodda) _948267 |
|
| 245 | 1 | 0 |
_aInvestment proposals and decisions / _cBruce R. Williams, W.P. Scott. |
| 260 |
_aLondon : _bAllen & Unwin, _cc1965. |
||
| 300 |
_a99 p. ; _c21 cm. |
||
| 500 | _a"Based on studies of ... the Centre for Business Research at the University of Manchester." | ||
| 650 | 0 |
_aCapital investments _948268 |
|
| 700 | 1 |
_aScott, W. P. _948269 |
|
| 710 | 2 |
_aManchester Business School. _bCentre for Business Research. _948270 |
|
| 942 |
_2ddc _cBK |
||
| 999 |
_c15549 _d15549 |
||